000 00915nam a22001577a 4500
003 OSt
005 20190717105437.0
008 190717b xxu||||| |||| 00| 0 eng d
040 _cRUA
082 _aAGR CHA 2015 B635 Or.1
100 _913654
_aCHAN VIBOL ចាន់វិបុល
245 _aeffect of biochar combined with different levels of compost on mung bean (vigna radiata (L) Wilczek ) in farmer filed condition at banan district battambang provice ប្រសិទ្ធភាពធ្យូងងង្កាមួយជីកំប៉ុស្តិ៍៍ក្នុងកម្រិតផ្សេងៗគ្ននៅលើដំណាំសណ្តែកបាយក្នុងលក្ខខណ្ឌស្រែកសិករ ស្រុកបាណន់ ខេត្តបាតើដំបង
260 _aRUA
_bphnom penh
_c2015
300 _ax;58p
_bill;
_c29cm
942 _2ddc
_cAGR
999 _c17989
_d17989